000 01028cab a2200385 4500
001 ABS42028
008 090401t1990 xxu||||| |||| 00| 0 eng d
035 _a(Sirsi) u34202
041 _aeng
100 _aVan den Bos, J.
245 _aEurope`s best
260 _c1990
350 _a0
490 _aWorld Property
_vJanuary 1990, 27-39(8)
520 _aReview of the property market s of Paris , Brussels , Amsterdam , Rotterdam , London , Manchester , MIlan , Madrid , Frankfurt , Hamburg , Budapest ,and Prague .
650 _aBELGIUM
650 _aCZECHOSLOVAKIA
650 _aDOCKLANDS
650 _aEASTERN EUROPE
650 _aFRANCE
650 _aGARE LEOPOLD
650 _aGERMANY
650 _aHARBOUR CITY
650 _aHUNGARY
650 _aLA DEFENSE
650 _aNETHERLANDS
650 _aPLAZA CASTILLA
650 _aRENTS
650 _aSPAIN
650 _aUNITED KINGDOM
650 _aWORLD TRADE CENTRE
690 _aOVERSEAS-EUROPE
942 _n0
948 _c04/03/1997
999 _c22683
_d22683